| 000 | 00785nam a2200205 a 4500 | ||
|---|---|---|---|
| 001 | 000032481 | ||
| 005 | 20200930065649.0 | ||
| 008 | 110718s1928 dr r 000 0 spa d | ||
| 040 |
_aDO-SdBNP _bspa _cBNPHU |
||
| 082 |
_a394.2697293 _bL832d |
||
| 100 | 1 |
_aLograño, Arturo _958427 |
|
| 245 | 1 | 0 | _aDía de las madres. |
| 260 |
_aSanto Domingo : _bImprenta de J. R. Vda. García Suc., _c[1928]. |
||
| 300 |
_a8p. ; _c24 cm. |
||
| 500 | _aConferencia por radio pronunciada por el Lcdo. Arturo Logroño el día de las madres 26 de mayo de 1928 | ||
| 590 | _aInventariado, 2018/MFF | ||
| 650 | 4 |
_aDía de las madres _vENSAYOS, CONFERENCIAS, ETC. _958428 |
|
| 650 | 4 |
_aDías festivos _zRepública Dominicana _vENSAYOS, CONFERENCIAS, ETC. _958429 |
|
| 910 | _aValidado. Control de calidad MFF | ||
| 999 |
_c31972 _d31972 |
||